| Tag |
First Indicator |
Second Indicator |
Subfields |
| LEADER |
00000cgm a2200000Ka 4500 |
| 001 |
in00002641908 |
| 005 |
20151202112608.0 |
| 007 |
vd cvaiz| |
| 008 |
101116s2010 nyu090 vleng d |
| 035 |
|
|
|a (OCoLC)ocn695598858
|
| 035 |
|
|
|a (OCoLC)695598858
|
| 040 |
|
|
|a SMU
|b eng
|c SMU
|d MNY
|d OCLCA
|d OCLCQ
|d TXA
|d UtOrBLW
|
| 041 |
1 |
|
|a eng
|j spa
|j por
|j pol
|j ger
|j fre
|j eng
|h eng
|
| 049 |
|
|
|a TXAM
|
| 090 |
|
|
|a HM1106
|b .H86 2010
|
| 092 |
|
|
|a 305.5692
|b H918
|
| 245 |
0 |
4 |
|a The human experience /
|c director, Charles Kinnane.
|
| 250 |
|
|
|a Limited ed.
|
| 264 |
|
1 |
|a Brooklyn, NY :
|b Grassroots Films,
|c [2010]
|
| 264 |
|
4 |
|c ©2010
|
| 300 |
|
|
|a 1 videodisc (90 min.) :
|b sound, color ;
|c 4 3/4 in.
|
| 336 |
|
|
|a two-dimensional moving image
|b tdi
|2 rdacontent
|
| 337 |
|
|
|a video
|b v
|2 rdamedia
|
| 338 |
|
|
|a videodisc
|b vd
|2 rdacarrier
|
| 538 |
|
|
|a DVD; all regions; widescreen (16x9), digital 2.0 or Dolby digital 5.1 surround sound.
|
| 546 |
|
|
|a In English, with optional subtitles in Spanish, Portuguese, Polish, German, or French; closed captioned.
|
| 511 |
1 |
|
|a Featuring Jeffrey Azize, Clifford Azize, Michael Campo, Matthew Sanchez.
|
| 508 |
|
|
|a A production of Grassroots Films, Inc. ; executive producer, Joseph Campo ; writer, Michael Campo ; music composer, Thomas J. Bergersen.
|
| 521 |
8 |
|
|a MPAA rating: PG-13.
|
| 520 |
|
|
|a In a world fraught with hostility and violence, an altruistic group of young men endeavor to understand the true essence of the human spirit by visiting forgotten souls such as homeless New Yorkers, Peruvian orphans and isolated Ghanaian lepers. By spotlighting heartwarming stories from around the world, this uplifting documentary shows views that every single person, no matter his or her lot in life, is beautiful.--From publisher's description.
|
| 500 |
|
|
|a Special features: Commentary with filmmakers; theatrical trailer; photography from the film.
|
| 500 |
|
|
|a Videorecording.
|
| 650 |
|
0 |
|a Interpersonal relations.
|
| 650 |
|
0 |
|a Life.
|
| 650 |
|
0 |
|a Meaning (Philosophy)
|
| 650 |
|
0 |
|a Families.
|
| 650 |
|
0 |
|a Homeless children.
|
| 650 |
|
0 |
|a Homeless youth.
|
| 650 |
|
0 |
|a Homeless persons.
|
| 655 |
|
7 |
|a Documentary films.
|2 lcgft
|
| 655 |
|
7 |
|a Feature films.
|2 lcgft
|
| 655 |
|
7 |
|a Nonfiction films.
|2 lcgft
|
| 700 |
1 |
|
|a Kinnane, Charles,
|e director.
|
| 700 |
1 |
|
|a Campo, Michael,
|d 1981 or 1982-
|e screenwriter.
|
| 700 |
1 |
|
|a Campo, Joseph,
|e producer.
|
| 700 |
1 |
|
|a Azize, Jeffrey.
|
| 700 |
1 |
|
|a Azize, Clifford.
|
| 700 |
1 |
|
|a Sanchez, Matthew.
|
| 710 |
2 |
|
|a Grassroots Films, Inc.
|
| 994 |
|
|
|a C0
|b TXA
|
| 948 |
|
|
|a cataloged
|b h
|c 2012/7/26
|d c
|e blrosas
|f 12:45:00 pm
|
| 999 |
|
|
|a MARS
|
| 999 |
f |
f |
|s 1b261307-d5a1-30ca-807c-613bd8a97569
|i 33c77055-dd18-3405-9a79-0bb8db05da1e
|t 0
|
| 952 |
f |
f |
|p dvd
|a Texas A&M University
|b College Station
|c Sterling C. Evans Library
|d Evans: Media and Reserves (Annex 1st floor)
|t 0
|e HM1106 .H86 2010
|h Library of Congress classification
|i video -- videodisc
|m A14839334695
|
| 998 |
f |
f |
|a HM1106 .H86 2010
|t 0
|l Evans: Media and Reserves (Annex 1st floor)
|